| 000 | 00897nam a22002057a 4500 | ||
|---|---|---|---|
| 003 | BD-DhUL | ||
| 005 | 20160821170845.0 | ||
| 008 | 160821s1974 b ||||| |||| 001 0 b d | ||
| 040 |
_aBD-DhUL _cBD-DhUL |
||
| 082 | 0 |
_a330.95492 _bANB |
|
| 100 | 1 | _aআনিসুর রহমান | |
| 245 | 1 | 0 |
_aবাংলাদেশের অর্থনীতি (দ্বিতীয় পঞ্চবার্ষিকী পরিকল্পনা সংবলিত) / _cআনিসুর রহমান |
| 250 | _a৬ষ্ঠ সং. | ||
| 260 |
_aচৌমুহনী (নোয়াখালী) : _bপুথিঘর লিমিটেড, _c১৯৮১। |
||
| 300 |
_a৫৭০ পৃ. : _bচিত্র ; _c২২ সে.মি. |
||
| 500 | _aনির্ঘন্ট সম্বলিত | ||
| 650 | 0 | _aবাংলাদেশ | |
| 650 | 0 | _aBangladesh | |
| 942 |
_2ddc _cBK |
||
| 999 |
_c100019 _d100019 |
||